=LDR 00000nam 2200000 4500 =001 INLIS000000000053678 =990 ##$$a 00092924 =005 20240621033221 =990 ##$$a 1202103574 =035 ##$$a 0010-1218000014 =007 ta =008 240621################a##########0#ind## =020 ##$$a 978-979-2254-10-5 =082 ##$$a 028.5 =084 ##$$a 028.5 DIS p =100 #$$a Disney =245 1#$$a Pit Crew To The Rescue : $b Kru Pit Siap Beraksi /$c Disney =260 ##$$a Jakarta :$b Gramedia,$c 2010 =300 ##$$a 24 hlm : $b ilus ; $c 27 cm =650 #4$$a fiksi anak =990 ##$$a 00092924 =990 ##$$a 1202103574